01452nam a2200253 a 450000100100000000500170001000800410002704000250006808200200009310000290011324500610014226000350020330000270023859000260026565000280029165000310031991000420035095201330039295201330052595201330065895201930079195201970098499900170118100001081920240412074221.0091012s1985 dr a r 001 p spa d aDO-SdBNPbspacBNPHU aRD861.44bS211d1 aSánchez, Carmen92613710aDescalza entre piedras :bpoesías /cCarmen Sánchez. aSanto Domingo :bGente,c1985. a66 p. :bil. ;c21 cm. aInventariado, 2018/BT 0aPoesía dominicana966 0aLiteratura dominicana.967 aValidado. Control de calidad. MMOLINA 001054708DSaGRbGRcHDd2013-09-25iLF1l0oRD861.44 S211dp10819-30r2020-06-25te. 3w2020-06-25yLFDSZPréstamo en sala 001054708DSaGRbGRcHDd2013-10-16iLF1l0oRD861.44 S211dp10819-40r2020-06-25te. 4w2020-06-25yLFDSZPréstamo en sala 001054708DSaGRbGRcHDd2013-10-16iLF1l0oRD861.44 S211dp10819-50r2020-06-25te. 5w2020-06-25yLFDSZPréstamo en sala 0010718PDaPDbPDcHDd2009-10-12iLF1l0oRD861.44 S211dp10819-10r2020-06-25w2020-06-25yLFPDzPerteneció a la biblioteca personal de Juan Isidro Jiménez Grullón.ZNo se presta 0010718PDaPDbPDcHDd2009-10-12iLF1l0oRD861.44 S211dp10819-20r2020-06-25te. 2w2020-06-25yLFPDzPerteneció a la biblioteca personal de Aída Cartagena Portalatín.ZNo se presta c10568d10568